000 00448nam a2200181Ia 4500
008 240925s9999 xx 000 0 und d
020 _a9789332543164
082 _a338.9 PAY
100 _aPayne, Richard J.
245 0 _aGlobal Issues
250 _a4th
260 _aIndia:
_bPearson Education
_c,2014.
300 _a186p.
_bNA
_fOriginal
500 _aIncludes Index
600 _aSocial Sciences
650 _aSocial Sciences
942 _cBK
999 _c16920
_d16920